| 000 | 00903nam a2200277Ia 4500 | ||
|---|---|---|---|
| 003 | OSt | ||
| 005 | 20221005061851.0 | ||
| 006 | a|||||r|||| 00| 0 | ||
| 007 | ta | ||
| 008 | 221004b |||||||| |||| 00| 0 eng d | ||
| 020 |
_a9781138059245 (hbk) _cUKP 110.00 |
||
| 024 | _a44671 | ||
| 037 |
_b396/18-19, 06/02/2019, Kilaso Books _cTextual |
||
| 040 |
_aCRL _cCRL _beng |
||
| 041 |
_2eng _aeng |
||
| 082 | _aX.6, Q8 | ||
| 100 |
_aAsuelime Lucky E. Ed. _9601180 |
||
| 245 | 0 | _aPolitical economy of energy in sub-Saharan Africa | |
| 260 |
_aLondon _bRoutledge UK _c2018 |
||
| 300 |
_ax,189p. _ccm. |
||
| 490 | _aRoutledge studies on African political economy | ||
| 650 | _aECONOMICS | ||
| 700 |
_a Okem Andrew Emmanuel Ed. _9601181 |
||
| 942 |
_hX.6, Q8 _cTEXL _2cc |
||
| 999 |
_c968851 _d968851 |
||